Quiz wiedzy ogólnej o Kostce Rubika - Statystyki

Ogólne statystyki
  • Ten quiz został rozwiązany 71 razy
    67 od ostatniego zresetowania
  • Średni wynik to 7 z 10
Statystyki odpowiedzi
Zagadnienie Odpowiedź % Poprawnych
Jak nazywa się technika polegająca na układaniu kostki bez patrzenia? Blindfolded
83%
Ile segmentów (naklejek/pól) w sumie widocznych jest na całej kostce Rubika 3x3? 54
81%
W którym kraju powstała kostka Rubika? Węgry
80%
W którym roku wynaleziono kostkę Rubika? 1974
74%
Jak nazywa się metoda najczęściej używana przez zawodowych speedcuberów do układania kostki? CFOP
74%
Jaka jest liczba możliwych opcji pomieszanej kostki Rubika 3x3? 43 tryliardy
70%
Która z poniższych NIE jest oficjalną konkurencją WCA (World Cube Association)? FTO
69%
Ile elementów (kostek) widocznych z zewnątrz ma kostka Rubika 3x3? 26
67%
Jak nazywa się najmniejsza kostka Rubika dostępna w sprzedaży? 1x1x1
59%
Kto był pierwszym mistrzem świata w układaniu kostki Rubika w 1982 w Budapeszcie? Minh Thai
50%
Nie znaleziono quizów pasujących do podanych kryteriów
Rozkład punktacji
Procent ludzi z każdym wynikiem
Percentyl według liczby udzielonych odpowiedzi
Twoja historia wyników
Nie rozwiązałeś tego quizu od ostatniego zresetowania